<?xml version="1.0" encoding="UTF-8"?>
<record
    xmlns:xsi="http://www.w3.org/2001/XMLSchema-instance"
    xsi:schemaLocation="http://www.loc.gov/MARC21/slim http://www.loc.gov/standards/marcxml/schema/MARC21slim.xsd"
    xmlns="http://www.loc.gov/MARC21/slim">

  <leader>02275nam a22001817a 4500</leader>
  <controlfield tag="008">150430b        xxu||||| |||| 00| 0 eng d</controlfield>
  <datafield tag="020" ind1=" " ind2=" ">
    <subfield code="a">0406901864</subfield>
  </datafield>
  <datafield tag="050" ind1=" " ind2=" ">
    <subfield code="a">KJE947.L375</subfield>
  </datafield>
  <datafield tag="100" ind1=" " ind2=" ">
    <subfield code="a">Lasok, K.P.E.</subfield>
  </datafield>
  <datafield tag="245" ind1=" " ind2=" ">
    <subfield code="a">Law and institutions of the European Union. /</subfield>
    <subfield code="c">K.P.E. Lasok and D. Lasok</subfield>
  </datafield>
  <datafield tag="250" ind1=" " ind2=" ">
    <subfield code="a">7th ed.</subfield>
  </datafield>
  <datafield tag="260" ind1=" " ind2=" ">
    <subfield code="a">London:</subfield>
    <subfield code="b">Butterworth,</subfield>
    <subfield code="c">c2001.</subfield>
  </datafield>
  <datafield tag="300" ind1=" " ind2=" ">
    <subfield code="a">cxxxvii, 874p.</subfield>
    <subfield code="c">24cm.</subfield>
  </datafield>
  <datafield tag="500" ind1=" " ind2=" ">
    <subfield code="a">includes index</subfield>
  </datafield>
  <datafield tag="505" ind1=" " ind2=" ">
    <subfield code="a">Contents: The Nature of the European Union and of community law: The Birth and growth of the European community -- The concept and status of the European communities and of the European Union -- External relations -- The Nature and challenge of community law -- Sources of community law -- The European council -- The European parliament -- The Commission -- The Council of the European Union -- The Court of auditors and budgetary procedures -- Ancillary community institutions -- The Court of justice and the Court of first instance -- The Relationship between community law and the municipal law of the member states: Implementation of community law in the legal systems of member states -- Enforcement of community law -- Community law in the United Kingdom -- The Law of the economy: concept and scope -- EC trade law: external market -- The Free movement of goods within the customs union -- The Free movement of workers (EC articles 39-42(ex article 48-51)) -- The Right of establishment (EC articles 43-48(ex articles 52-58) -- Freedom to provide services ( EC articles 49-55 (ex articles 59-66)) -- Social security (EC article 42 (ex article 51)) -- Freedom of movement of capital payments (EC articles 56-60 (67-73 and 104-109) -- The Law of the economy: community policies -- Economic and monetary union -- Common Agricultural and fisheries policies -- Common transport policy -- Competition: general principles -- Competition: practice contrary to article 81 ( ex article 85) -- Competition: abuse of a dominant position and mergers -- State aid ( EC articles 87-89 (ex articles 92-94)) -- Intellectual property rights -- Social policy -- The Policy for the environment -- Consumer protection -- Education and culture -- Miscellaneous policies -- Appendix: the treaty of Nice.</subfield>
  </datafield>
  <datafield tag="700" ind1=" " ind2=" ">
    <subfield code="a">Lasok, D.</subfield>
  </datafield>
  <datafield tag="942" ind1=" " ind2=" ">
    <subfield code="2">lcc</subfield>
    <subfield code="c">BK</subfield>
  </datafield>
  <datafield tag="999" ind1=" " ind2=" ">
    <subfield code="c">5464</subfield>
    <subfield code="d">12964</subfield>
  </datafield>
  <datafield tag="952" ind1=" " ind2=" ">
    <subfield code="0">0</subfield>
    <subfield code="1">0</subfield>
    <subfield code="2">lcc</subfield>
    <subfield code="4">0</subfield>
    <subfield code="7">0</subfield>
    <subfield code="a">WIUC-1</subfield>
    <subfield code="b">WIUC-1</subfield>
    <subfield code="c">LL</subfield>
    <subfield code="d">2015-04-30</subfield>
    <subfield code="l">0</subfield>
    <subfield code="o">KJE947.L375</subfield>
    <subfield code="p">077/15</subfield>
    <subfield code="r">2015-04-30 00:00:00</subfield>
    <subfield code="w">2015-04-30</subfield>
    <subfield code="y">BK</subfield>
  </datafield>
</record>
